000 00485nam a2200157Ia 4500
008 220216s9999 xx 000 0 und d
100 _aDas G
245 0 _aPerformance of rubber clones in Dooars area of West Bengal
260 _bPreprints of papers: International Natural Rubber Conference, 6-8 November 2005, Cochin, India, p.103-107.
650 _aRubber clones
650 _aWest Bengal
700 _aChaudhuri D
700 _aSatisha G C
700 _aSingh R
942 _cJS
999 _c64776
_d64776